000 00412nam a2200169Ia 4500
001 25942
003 IN-NITTTR
005 20251114233327.0
008 251113s9999||||xx |||||||||||||| ||eng||
040 _beng
040 _cIN-NITTTR
041 _aeng
082 _a006.693 A12I
100 _aAmanpreet Singh,
245 0 _aImage compression using HAAR Wavelet transform /
_cAmanpreet Singh
942 _2ddc
_cBK
999 _c28571
_d28571